[Event "EOBCC TOP16 2020"]
[Site "Online"]
[Date "2020.12.19"]
[Round "2.1"]
[White "Petrosyan, Manuel"]
[Black "Jones, Gawain C B"]
[Result "1-0"]
[WhiteElo "2628"]
[BlackElo "2670"]
[Annotator "TA"]
[PlyCount "129"]
[EventDate "2020.12.18"]
[EventType "k.o."]
[EventCountry "NET"]
[SourceTitle "playchess.com"]
[Source "ChessBase"]
[SourceQuality "1"]

{[%evp 21,129,45,32,1,20,13,32,-42,-43,-61,108,104,126,114,350,354,368,366,371,369,370,370,395,388,498,279,275,281,291,305,461,406,406,406,457,435,439,430,868,840,712,704,894,931,900,866,975,921,1028,1004,848,686,691,679,689,681,681,649,812,792,800,791,800,800,963,530,866,530,510,510,517,509,489,489,29966,29970,29981,29982,29981,29982,29982,29978,29978,29979,29984,29985,29983,29982,29985,29986,29988,29985,29989,29990,29990,29989,29991,29992,29992,29993,29997,29996,29997,29994,29994,29993,29993,29994,29995,4922]} 1. c4 g6 2. Nc3 Bg7 3. g3 Nf6 4. Bg2 O-O 5. Nf3 c5 6. O-O Nc6 7. d3 d5 8. cxd5 Nxd5 9. Nxd5 Qxd5 10. Be3 Qd6 11. Rc1 Nd4 12. Nd2 {A38: Symmetrical English vs ...g6: 4 Bg2 Bg7 5 Nf3 Nf6.} Bg4 13. Re1 Qa6 {[#]} 14. a3 $146 ({White should try} 14. Rxc5 $14 Rac8 15. Rc4 Rxc4 16. Nxc4) ({Predecessor:} 14. Rxc5 Rac8 15. Bxd4 Bxd4 16. Rxc8 Rxc8 17. Qb1 Be6 18. b3 b5 19. Ne4 b4 20. e3 {1-0 (60) Andriasian,Z (2615)-Al Sayed,M (2519) St Petersburg 2011}) 14... Rac8 $15 15. h3 Bxe2 $2 (15... Bd7 $15 {stays ahead.}) 16. Rxe2 $16 Nxe2+ 17. Qxe2 Bxb2 $2 {This move loses the game for Black.} (17... b6 $16 {keeps fighting.}) 18. Rb1 $18 ({Not} 18. Rxc5 b6 $14) 18... Bxa3 19. Bxb7 {[%mdl 64] [#] Double Attack} Qe6 20. Bxc8 Rxc8 21. Ra1 Bb4 22. Rxa7 Qxh3 23. Nc4 (23. Ne4 $142 Qe6 24. Ng5) 23... Qe6 24. Qf3 {[#] aiming for Bh6.} h5 25. Qe4 Rc6 (25... Qxe4 $142 26. dxe4 Re8) 26. Rxe7 Qxe4 27. dxe4 ({But not} 27. Rxe4 Rc8 $18) 27... Ra6 28. Rc7 Re6 29. e5 Kg7 (29... Bc3 $142 30. Rxc5 f6 31. Rc8+ Kh7 32. Rc7+ Kg8 33. exf6 Bxf6) 30. Bg5 Bc3 31. Bf6+ Kh6 32. Rxf7 g5 33. Rc7 Bd4 34. Kg2 Ra6 35. Rc8 Ra2 36. Rh8+ Kg6 37. Rg8+ Kf7 38. Rxg5 Rxf2+ 39. Kh3 Rc2 40. Nd6+ Ke6 41. Rxh5 Rc1 42. Kg4 c4 43. Rh8 c3 44. Rc8 c2 45. Bg5 Rg1 46. Rxc2 Bxe5 47. Nf5 Bxg3 (47... Rf1 $18 48. Rc6+ Kd7) 48. Nxg3 {White mates.} Kd5 49. Be3 Re1 50. Kf3 Ra1 51. Rd2+ Ke6 52. Ke4 Ra4+ 53. Bd4 Ra5 54. Ne2 Kf7 55. Nf4 Ra4 56. Rb2 Ra5 57. Rb7+ Ke8 58. Nd5 Ra2 59. Ke5 Re2+ 60. Kd6 Kf8 61. Nf4 Rd2 62. Ne6+ Kg8 63. Rg7+ Kh8 64. Rg2+ Rxd4+ 65. Nxd4 {Weighted Error Value: White=0.30/Black=0.60} 1-0

[Event "EOBCC TOP16 2020"]
[Site "Online"]
[Date "2020.12.19"]
[Round "2.2"]
[White "Jones, Gawain C B"]
[Black "Petrosyan, Manuel"]
[Result "1-0"]
[WhiteElo "2670"]
[BlackElo "2628"]
[Annotator "TA"]
[PlyCount "151"]
[EventDate "2020.12.18"]
[EventType "k.o."]
[EventCountry "NET"]
[SourceTitle "playchess.com"]
[Source "ChessBase"]
[SourceQuality "1"]

{[%evp 9,151,0,27,14,10,4,13,13,18,8,15,15,17,7,15,8,22,6,29,10,37,-6,-6,-5,-12,-8,0,0,0,-14,0,0,0,0,125,0,0,0,0,0,0,0,0,0,0,0,0,0,0,0,0,0,0,-50,0,0,22,11,36,0,27,38,54,-138,90,90,108,83,121,83,89,88,80,77,104,88,260,32,119,59,269,-144,151,58,78,78,78,78,82,62,91,53,84,48,64,56,65,65,65,65,65,65,66,66,349,358,327,223,216,213,297,287,381,368,466,462,442,410,383,349,350,76,76,76,29981,29982,29982,29983,29983,29984,29984,29983,29983,29984,29984,29985,29989,29987,29987,29985,29991,29992,29994,29995]} 1. Nf3 d5 2. b3 c5 3. e3 a6 4. Bb2 Nc6 5. g3 Qc7 6. c4 {A06: Réti Opening: 1 Nf3 d5.} dxc4 $1 7. bxc4 {[#]} Nf6 $146 ({Predecessor:} 7... Bf5 8. Nc3 e6 9. Nh4 Nh6 10. Nxf5 Nxf5 11. Bh3 Nd6 12. Qa4 O-O-O 13. O-O Kb8 {1-0 (26) Almasi,Z (2707)-Gaponenko,I (2437) Douglas 2017}) 8. Nc3 {The position is equal.} e6 9. Bg2 Be7 10. O-O O-O 11. Qe2 b6 12. d4 cxd4 13. exd4 Na5 14. Rac1 Bb7 15. Ne5 Bxg2 16. Kxg2 Rac8 {[%cal Ra5c4]} 17. Nd1 Nd7 18. Nxd7 Qxd7 19. Ne3 b5 20. c5 Nc6 21. Rfd1 Nb4 {[#]} (21... Bg5 $11 {remains equal.}) 22. Qf3 (22. d5 $1 $16 {[%mdl 512] Qg4! is the strong threat.} Nxd5 23. c6 $1 {[%mdl 512]} Nxe3+ 24. Qxe3) 22... Rfd8 $11 23. a3 Nd5 24. Ng4 Bf6 25. h4 h5 26. Nxf6+ Nxf6 27. d5 Nxd5 28. Qxh5 f6 29. Kg1 Qf7 30. Qg4 Rc6 31. a4 Rb8 32. axb5 Rxb5 33. Ba3 Rb8 34. Re1 Re8 (34... Rb3 $5 {[%cal Rb3a3]} 35. Ra1 Rb5 $11) 35. Rb1 Rc7 36. Qa4 $2 (36. Rb3 $14 {stays ahead.}) 36... Qd7 $2 (36... Nc3 $17 37. Qxa6 Nxb1 38. Rxb1 e5) 37. Qxa6 $16 Ra7 38. Qd3 Qa4 39. Bb2 Qg4 40. Re4 Qf5 41. Rbe1 Rc7 42. Qd4 Rc6 $2 (42... Ra7 $16) 43. Kg2 $2 ({White has to play} 43. g4 $1 $18 {[%cal Rg4f5]} Qh7 44. h5 (44. Rxe6 Rcxe6 45. Qxd5 Qg6 $15)) 43... Rec8 (43... Rd8 $14) 44. Ba3 (44. g4 $16 Qg6 45. Rxe6 Rxc5 46. Rd6) 44... Kf7 $2 (44... Ra8 $14 45. Bc1 Nc7) 45. Qa4 $2 ({Only move:} 45. g4 $18 Qh7 46. Rxe6 $1 {[%mdl 576] Remove Defender}) 45... Ne7 $2 {[%mdl 8192]} (45... Nc3 $17 {stays on course.} 46. Qd4 Nxe4 47. Rxe4 Rd8 $1 {[%mdl 512]}) 46. Qb3 (46. g4 $16 Qd5 47. Rd1) 46... Qd5 47. Qxd5 Nxd5 48. Ra4 R8c7 49. Rc1 Ne7 50. Ra5 Ng6 51. Bb4 Ne5 52. Rd1 Nd7 {[%cal Rd7c5]} 53. Rd6 Rxd6 54. cxd6 $14 {[%mdl 4096] Endgame KRB-KRN} Rb7 55. Ba3 e5 56. Ra8 Ke6 $2 {[%mdl 8192]} (56... f5 $14) 57. Re8+ $18 Kd5 58. Re7 {aiming for h5.} g6 {[#]} 59. Rg7 $1 Ke6 60. Rxg6 Rb3 61. Bc1 {Cut Off at move 61} Kxd6 62. h5 Ke6 63. h6 Rb8 64. g4 Rh8 65. g5 $2 (65. Rg7 $18 {is the precise move to win.}) 65... Rh7 $16 66. gxf6 Kf7 $2 {[%mdl 8192]} (66... Nxf6 $16 67. Kf3 Rc7) 67. Rg7+ {White mates.} Rxg7+ 68. fxg7 {KB-KN} Kg8 69. Kf3 Nf6 70. Bb2 Kh7 71. Bxe5 Ng8 72. Bf4 Kg6 73. Ke4 Nf6+ 74. Ke5 Ng8 75. Ke6 Kh7 76. Kf7 {Weighted Error Value: White=0.38/Black=0.53} 1-0

[Event "EOBCC TOP16 2020"]
[Site "Online"]
[Date "2020.12.19"]
[Round "2.2"]
[White "Meier, Georg"]
[Black "Shirov, Alexei"]
[Result "1/2-1/2"]
[WhiteElo "2628"]
[BlackElo "2662"]
[Annotator "TA"]
[PlyCount "122"]
[EventDate "2020.12.18"]
[EventType "k.o."]
[EventCountry "NET"]
[SourceTitle "playchess.com"]
[Source "ChessBase"]
[SourceQuality "1"]

{[%evp 9,122,14,16,18,17,10,14,0,33,17,38,39,33,35,60,60,51,17,30,31,29,29,26,27,25,21,82,12,112,112,234,232,234,233,233,233,216,230,192,13,13,14,17,14,14,14,17,0,0,0,0,0,12,-8,0,-68,-68,-68,-68,-68,-42,-42,-42,-42,-42,-42,-42,-42,-41,-41,-41,-41,-41,-41,29977,-59,-59,-59,-59,-59,-59,-59,-59,-59,-59,-59,-59,-59,-59,-59,-59,-59,0,-59,0,-59,-59,-59,-59,-59,-59,-59,-59,-59,-59,-59,-59,-59,-59,-59,-59,-59,-59,-59,0]} 1. Nf3 d5 2. g3 Bg4 3. Bg2 Nd7 4. h3 Bh5 5. c4 e6 6. cxd5 {A07: Réti Opening: New York and Capablanca Systems.} exd5 7. O-O Ngf6 8. Nc3 {The position is equal.} Bd6 9. d3 c6 10. e4 O-O 11. exd5 Nxd5 12. Nxd5 cxd5 {[#]} 13. Be3 $5 $146 {[%mdl 8] New and interesting.} ({Predecessor:} 13. Qb3 Nc5 14. Qxd5 Bg6 15. Nh4 Be7 16. Nxg6 hxg6 17. Rd1 Qxd5 18. Bxd5 Rad8 19. Bc4 {1-0 (61) Cheparinov,I (2693)-Rusev,K (2538) Kozloduy 2018}) 13... Re8 14. Re1 Ne5 15. g4 Bg6 16. Nxe5 Bxe5 17. Qb3 $36 {[%mdl 2048] Threatens to win with f4. White is more active.} h5 (17... d4 $11 {keeps the balance.} 18. Bd2 Qd6) 18. d4 ({Much worse is} 18. Qxd5 $6 hxg4 19. d4 gxh3 $11) ({White should try} 18. f4 $16 Bf6 19. Bf2 (19. Qxb7 Rxe3 20. Rxe3 Bd4 $17) (19. Bxd5 hxg4 20. hxg4 Rxe3 $17)) 18... Bb8 (18... Bf6 $11 {remains equal.}) 19. Qxd5 $16 Qc7 (19... Bc7 $16 {is a better defense.}) 20. f4 $18 ({Don't blunder} 20. gxh5 $2 Qh2+ 21. Kf1 Bd3+ 22. Re2 Bf4 $19) 20... Rxe3 21. Rxe3 Qxf4 22. Rae1 Qh2+ 23. Kf1 Bf4 24. gxh5 $2 ({Resist} 24. Qxb7 $6 Rb8 $16) (24. Rf3 $18 hxg4 25. hxg4) 24... Bxe3 $11 25. Rxe3 Bb1 $1 26. Qe5 Qxe5 27. Rxe5 Bxa2 {[%mdl 4096] Endgame KRB-KRB} 28. Re7 Rd8 29. Rxb7 Rxd4 30. Rxa7 Be6 31. h6 gxh6 32. Ra5 (32. Rb7 $11) 32... Rb4 $15 33. Kf2 Rxb2+ 34. Kg3 Kg7 35. h4 Rb3+ 36. Bf3 $1 Rb4 37. Rc5 Kf6 38. Ra5 Rb8 39. Ra3 Rg8+ 40. Kf4 Rg1 41. Ra5 Rh1 $2 {[%mdl 8192] [#]} (41... Rc1 $15) 42. h5 $2 (42. Bxh1 {mates} Bc4 43. Rf5+ Ke6 44. Rh5 Kd7 45. Rxh6 Ke7 46. Be4 f5 47. Bxf5) 42... Rh4+ 43. Kg3 Rd4 44. Rc5 Rd3 45. Kf4 Ra3 46. Be4 Rh3 47. Bf3 $1 Ke7 48. Rc7+ Kd6 49. Rc6+ Kd7 {[#] ...Rxf3+! is the strong threat.} 50. Rc5 Ke7 51. Rc7+ $1 Kf6 52. Rc5 $1 Rh4+ {Black is slightly better.} 53. Kg3 Rd4 54. Ra5 Bf5 55. Ra6+ Kg5 56. Ra5 Rd3 57. Kf2 Kf6 58. Ra6+ Be6 59. Ra5 $1 Rc3 60. Kg3 Rc4 61. Kf2 Rc3 {Weighted Error Value: White=0.20/Black=0.24} (61... Rf4 $15) 1/2-1/2

[Event "EOBCC TOP16 2020"]
[Site "Online"]
[Date "2020.12.19"]
[Round "2.2"]
[White "Indjic, Aleksandar"]
[Black "Bluebaum, Matthias"]
[Result "0-1"]
[WhiteElo "2604"]
[BlackElo "2672"]
[Annotator "TA"]
[PlyCount "96"]
[EventDate "2020.12.18"]
[EventType "k.o."]
[EventCountry "NET"]
[SourceTitle "playchess.com"]
[Source "ChessBase"]
[SourceQuality "1"]

{[%evp 9,96,0,0,0,7,-11,-14,-11,-14,-20,0,-7,-10,-9,-8,-19,-9,-48,-15,-12,-10,-22,-19,-60,-24,-24,-16,-50,-30,-41,-29,-37,-34,-32,-43,-66,-39,-116,-139,-189,-100,-91,-64,-66,-52,-68,-62,-175,-78,-83,-82,-72,-72,-71,-83,-97,-87,-105,-48,-53,-48,-76,-76,-79,-79,-120,-118,-142,-142,-131,-61,-54,-49,-175,-165,-164,-170,-688,-681,-647,-680,-678,-661,-634,-589,-886,-861,-5643,-925]} 1. Nf3 d5 2. d3 Nf6 3. c4 e6 4. g3 dxc4 5. Qa4+ Bd7 6. Qxc4 {A06: Réti Opening: 1 Nf3 d5.} c5 {[#]} 7. Ne5 $146 ({Predecessor:} 7. Bg2 Bd6 8. Nc3 Nc6 9. d4 cxd4 10. Nxd4 Rc8 11. Qd3 Nxd4 12. Bxb7 Rxc3 13. bxc3 {½-½ (59) Kalinic,I-Fabeta,T (1797) Bjelolasica 2009}) 7... Nc6 8. Nxd7 {The position is equal.} Qxd7 9. Bg2 Rc8 10. Qc2 Be7 11. O-O O-O 12. Nc3 Rfd8 13. Bd2 a6 14. Rac1 b5 15. Bf4 h6 16. Rfd1 Nd5 17. Nxd5 exd5 18. b3 Qe6 {aiming for ...Nd4.} 19. Re1 c4 20. bxc4 dxc4 21. dxc4 Nd4 22. Qb2 {And now e3 would win.} bxc4 {Strongly threatening ...c3!} 23. e3 (23. Qb7 $1 $15) 23... Nb5 $17 24. Qe5 Qxe5 (24... Bb4 $19 {Threatens to win with ...Qxe5.} 25. Qxe6 fxe6) 25. Bxe5 Ba3 26. Rc2 $1 Rc5 27. f4 Bb4 28. Ree2 (28. Bd4 $15 Nxd4 29. exd4 Rxd4 30. Re4 Rxe4 31. Bxe4) 28... c3 (28... Rd1+ $1 $19 {has better winning chances.} 29. Kf2 c3) 29. Kf2 f6 30. Bd4 Nxd4 31. exd4 Rxd4 32. h4 Kf8 $36 {[%mdl 2048] Keeping White busy.} 33. Be4 Rc7 (33... g5 $17 34. Ke3 Rd1 35. hxg5 fxg5) 34. Bg6 $15 {[%csl Gg6][%cal Re2e8]} Re7 35. Rxe7 Kxe7 {[%mdl 4096] Endgame KRB-KRB} 36. Ke3 Rd1 37. Ke2 Ra1 38. Kd3 {[#]} Rg1 $1 39. Kc4 Ba5 (39... Rxg3 $17 40. h5 a5) 40. Re2+ Kd6 41. Re3 {Loses the game.} (41. Bf5 $15) 41... Rg2 $19 {...c2 is the strong threat.} 42. Rd3+ Kc7 {White must now prevent ...c2.} 43. Rd5 $2 {[#]} (43. Rd1) 43... c2 $1 {[%cal Rc2c1] Black is clearly winning.} 44. Bxc2 Rxc2+ {[%mdl 64] Double Attack} 45. Kb3 Rc3+ {[%mdl 64] Double Attack} 46. Kb2 Bb4 47. a3 Rxa3 48. Rd4 a5 {Accuracy: White = 56%, Black = 73%.} 0-1

[Event "EOBCC TOP16 2020"]
[Site "Online"]
[Date "2020.12.19"]
[Round "2.2"]
[White "Pantsulaia, Levan"]
[Black "Navara, David"]
[Result "0-1"]
[WhiteElo "2553"]
[BlackElo "2697"]
[Annotator "TA"]
[PlyCount "62"]
[EventDate "2020.12.18"]
[EventType "k.o."]
[EventCountry "NET"]
[SourceTitle "playchess.com"]
[Source "ChessBase"]
[SourceQuality "1"]

{[%evp 9,62,0,0,0,0,0,8,0,0,-50,-44,-44,-41,-44,-46,-54,-38,-94,-32,-27,-17,-76,-77,-58,-5,-7,-14,-206,-196,-525,-502,-522,-516,-503,-510,-514,-383,-748,-736,-715,-702,-706,-382,-810,-815,-777,-785,-614,-205,-198,-206,-29992,-29993,-29993,-29994]} 1. g3 e5 2. Bg2 d5 3. c4 c6 4. cxd5 cxd5 5. d4 e4 6. Nh3 {A20: English Opening: 1...e5.} Nc6 7. O-O h6 8. Nc3 {The position is equal.} Nf6 {[#]} 9. Nf4 $146 ({Predecessor:} 9. f3 Bb4 10. Nf2 O-O 11. fxe4 dxe4 12. e3 Bxc3 13. bxc3 Bf5 14. c4 Rc8 15. Bd2 {½-½ (57) Gorshtein,I (2372)-Parkhov,Y (2411) Ramat Gan 2020}) 9... g5 10. Nh3 Bg7 $36 {[%mdl 2048] White is under pressure.} 11. f3 exf3 12. exf3 O-O 13. Nf2 (13. Be3 $15) 13... Qb6 ({Black should play} 13... Re8 $17) 14. f4 $15 g4 15. Bxd5 (15. Be3 $11 {keeps the balance.}) 15... Nxd5 $17 16. Nxd5 Qxd4 (16... Qd8 $15 17. Ne3 Qxd4) 17. Be3 $11 Qxb2 18. Rb1 $2 {This move loses the game for White.} (18. Qd3 $11 {and White stays safe.}) 18... Qxa2 $19 {Hoping for ...Rd8.} 19. Nxg4 $2 (19. Ne4 Rd8 20. Nef6+ Bxf6 21. Nxf6+ Kg7 22. Qe1 Kxf6 23. Qc3+ Kg6 {[#]} 24. f5+ $1 {[%mdl 512]} Bxf5 25. Rxf5 Qxb1+ 26. Rf1 Qxf1+ 27. Kxf1) 19... Bxg4 20. Nf6+ Bxf6 21. Qxg4+ Bg7 22. Rxb7 Qe6 23. Qf3 $2 (23. Qxe6 fxe6 24. Kg2) 23... Rfe8 24. Bf2 Nd4 25. Qg2 Qe2 26. Rd7 $2 (26. Qd5 Qe6 27. Qxe6 Rxe6 28. Rfb1) 26... Nf3+ 27. Kh1 Nd2 28. Rc1 Rac8 $2 (28... a5 29. Bb6 Nf3) 29. Rxc8 Rxc8 30. Bxa7 $2 (30. Bg1 $19 Qxg2+ 31. Kxg2) 30... Rc1+ 31. Bg1 {[#]} Nf3 $1 {[%mdl 512] Accuracy: White = 38%, Black = 72%.} 0-1

[Event "EOBCC TOP16 2020"]
[Site "Online"]
[Date "2020.12.19"]
[Round "2.3"]
[White "Navara, David"]
[Black "Pantsulaia, Levan"]
[Result "1/2-1/2"]
[WhiteElo "2697"]
[BlackElo "2553"]
[Annotator "TA"]
[PlyCount "92"]
[EventDate "2020.12.18"]
[EventType "k.o."]
[EventCountry "NET"]
[SourceTitle "playchess.com"]
[Source "ChessBase"]
[SourceQuality "1"]

{[%evp 18,92,42,54,62,60,45,43,64,41,47,41,39,37,31,20,45,25,29,26,35,0,0,-20,68,68,62,53,63,81,78,20,20,0,0,0,0,0,0,0,0,0,0,0,0,0,0,0,0,0,14,17,12,19,616,563,1073,523,793,573,514,508,480,468,1171,1165,29993,29994,29994,29985,29985,0,29994,0,29982,0,29994]} 1. d4 Nf6 2. c4 c5 3. d5 e6 4. Nc3 exd5 5. cxd5 d6 6. e4 g6 7. h3 Bg7 8. Nf3 O-O 9. Bd3 Re8 10. O-O Nbd7 {A70: Modern Benoni: 6 e4 g6 7 Nf3.} 11. Re1 Ne5 $1 {[%mdl 4] is recently more successful than 11...a6.} 12. Nxe5 Rxe5 {White is slightly better.} 13. f4 Re8 {[#]} 14. Qf3 $146 ({Predecessor:} 14. a4 Nh5 15. Qf3 f5 16. g4 fxg4 17. hxg4 Qh4 18. Be3 Bxg4 19. Qg2 Bd4 20. Qh2 {0-1 (27) Kwong,W (1876)-Laohawirapap,P (1913) chess.com INT 2020}) 14... Nd7 15. Be3 a6 16. a4 Rb8 17. Bf2 Qa5 18. Bc2 Qb4 19. Rab1 b5 20. Na2 Qa5 ({Black should try} 20... Qd2 $11 21. Re2 Qa5) 21. b4 $14 Qc7 22. Rec1 c4 23. Nc3 Qd8 24. Rd1 ({White should play} 24. Ne2 $16) 24... g5 25. axb5 axb5 26. Bd4 gxf4 27. Bxg7 Kxg7 28. Qxf4 Ne5 29. Ra1 Bd7 30. Kh2 h6 31. Ra6 Rb6 32. Rda1 Rxa6 33. Rxa6 Bc8 34. Ra8 Qb6 $1 35. Ne2 Kh7 $2 {[%mdl 8192] [#]} (35... Ng6 $11 36. Qd2 Qf2 37. Qd4+ Qf6) 36. Ng3 $1 $18 ({Wrong is} 36. Rxc8 $2 Rxc8 37. Qf5+ Kg7 $19) 36... Qb7 {[#]} 37. Nh5 (37. Nf5 $142 $1 {[%mdl 512]} Bxf5 38. Qxf5+ Kg8 39. Rxe8+ Kg7 40. Bd1) 37... Rh8 {[#]} 38. Qf6 $1 {[%csl Gh5][%cal Rf6g7][%mdl 512]} Rg8 {Threatens to win with ...Rg6.} 39. Qxd6 Qxa8 40. Nf6+ ({Weaker is} 40. Qxe5 Qa2 $18) 40... Kg7 (40... Kh8 $142 41. Qxe5 Qa2 42. Nxg8+ Kxg8 43. Qg3+ Kh7) 41. Qxe5 {Intending Nd7+ and mate.} Rd8 {[#]} 42. Nh5+ $1 {[%mdl 576] Discovered Attack (Double check)} Kf8 43. Qh8+ Ke7 44. Qe5+ Kf8 $1 {If only Black now had time for ...Qa6....} 45. Qh8+ Ke7 46. Qe5+ Kf8 $1 {[%mdl 32768] Weighted Error Value: White=0.63/Black=0.35. An unexpected result.} 1/2-1/2

[Event "EOBCC TOP16 2020"]
[Site "Online"]
[Date "2020.12.19"]
[Round "2.3"]
[White "Bluebaum, Matthias"]
[Black "Indjic, Aleksandar"]
[Result "0-1"]
[WhiteElo "2672"]
[BlackElo "2604"]
[Annotator "TA"]
[PlyCount "76"]
[EventDate "2020.12.18"]
[EventType "k.o."]
[EventCountry "NET"]
[SourceTitle "playchess.com"]
[Source "ChessBase"]
[SourceQuality "1"]

{[%evp 9,76,27,74,60,56,67,61,45,46,48,52,37,23,18,29,10,22,8,21,10,18,19,37,0,10,-7,-3,-26,-21,-85,-70,-94,-86,-99,-87,-127,-133,-132,-132,-396,-377,-375,-364,-559,-549,-537,-487,-512,-508,-493,-493,-493,-491,-516,-420,-468,-406,-444,-406,-433,-450,-443,-409,-514,-385,-353,-343,-1268,-1263]} 1. d4 g6 2. c4 Bg7 3. e4 d6 4. Nc3 e5 5. Nf3 Bg4 6. dxe5 {A42: Modern Defence: Averbakh Variation.} Bxf3 7. gxf3 {exd6 is the strong threat.} Bxe5 {[#]} 8. c5 $146 {White is slightly better.} ({Predecessor:} 8. Be3 Nf6 9. Qd2 O-O 10. O-O-O Nbd7 11. Bh6 Nh5 12. f4 Bg7 13. Bxg7 Nxg7 14. h4 {1-0 (35) Budisavljevic,L (2444)-Dudin,G (2387) Paracin 2020}) 8... Nc6 9. cxd6 $1 cxd6 10. f4 (10. Bg2 {feels hotter.} Rc8 11. Rb1 a6 12. f4 Bd4 13. O-O) 10... Bxc3+ 11. bxc3 Nf6 12. Bg2 O-O 13. O-O Re8 14. Re1 Nh5 15. Bf3 {White wants to play Rb1.} Ng7 $1 16. Be3 Qf6 17. Rb1 Ne6 18. Qd2 ({Much worse is} 18. Qxd6 Rad8 $17) 18... Ng5 19. fxg5 (19. Bg2 $11 {keeps the balance.} Nxe4 20. Bxe4 Rxe4 21. Rxb7) 19... Qxf3 $17 20. Bf4 $1 Qg4+ 21. Bg3 Ne5 {Strongly threatening ...Nf3+.} 22. Qe2 {Threatens to win with Qxg4.} Nf3+ ({Avoid the trap} 22... Qxg5 $2 23. f4 $18) 23. Kh1 d5 $36 {[%cal Re8e4][%mdl 2048] White is under strong pressure.} 24. Rb4 $2 {[%mdl 8192] [#]} (24. e5 $17 {only move.}) 24... a5 $1 $19 {[%cal Ra5b4]} 25. Rd4 {[#]} Qh5 $1 26. Rxd5 (26. e5 {was necessary.}) 26... Nxe1 27. Qxe1 Qf3+ 28. Kg1 Rxe4 {[%cal Re4e1]} 29. Qd1 {[#]} Re1+ $1 {[%mdl 576] Deflection} 30. Qxe1 Qxd5 {[%mdl 4160] Endgame Double Attack. KQR-KQB} 31. a3 Rd8 {Hoping for ...Qf3.} 32. Qe3 Qc6 {( -> ...Rd1+)} 33. f3 b6 34. Be5 Qe6 35. Qf4 Qf5 36. Qe3 Re8 37. f4 Rd8 38. Kf2 $2 (38. Bd4) 38... Qc2+ {White did not feel at home in the position after the opening.  Weighted Error Value: White=0.56/Black=0.13} 0-1

[Event "EOBCC TOP16 2020"]
[Site "Online"]
[Date "2020.12.19"]
[Round "2.3"]
[White "Shirov, Alexei"]
[Black "Meier, Georg"]
[Result "1-0"]
[WhiteElo "2662"]
[BlackElo "2628"]
[Annotator "TA"]
[PlyCount "31"]
[EventDate "2020.12.18"]
[EventType "k.o."]
[EventCountry "NET"]
[SourceTitle "playchess.com"]
[Source "ChessBase"]
[SourceQuality "1"]

{[%evp 11,31,2,10,9,37,24,22,25,27,26,23,0,0,-34,-14,-10,0,0,0,0,634,639]} 1. e4 e6 2. d4 d5 3. e5 c5 4. c3 Nc6 5. Nf3 Bd7 6. Be2 Rc8 7. O-O {C02: French: Advance Variation.} a6 8. Na3 cxd4 9. cxd4 {The position is equal.} Nge7 10. Nc2 Nf5 {[#]} 11. g4 $146 ({Predecessor:} 11. g3 Qb6 12. h4 Be7 13. Kg2 O-O 14. Bd3 Kh8 15. Bxf5 exf5 16. Bg5 f4 17. Bxf4 Qxb2 {0-1 (25) Nevednichy,V (2531)-Andreikin,D (2726) chess.com INT 2020}) 11... Nfe7 12. Ng5 h6 13. Nh3 h5 14. gxh5 Nf5 15. Bg4 Qh4 $2 {[%mdl 8192] [#]} (15... Nh6 $11) 16. Bg5 {Weighted Error Value: White=0.06/Black=0.73} 1-0